000 00320nam a2200133Ia 4500
005 20251222154330.0
008 251222s9999||||xx |||||||||||||| ||spa||
082 _a153.9 B81
100 _aBravo Oyarce, Elber
245 0 _aEl Desarrollo de la Inteligencia:
250 _a3a.ed.
264 _bMc Javi's
942 _cLIB
999 _c34106
_d34106